[Event "Rohde op 06th"]
[Site "Sautron"]
[Date "2006.10.30"]
[Round "4"]
[White "Tachikart, Amin"]
[Black "Crouan, Stephane"]
[Result "0-1"]
[WhiteElo "1890"]
[BlackElo "2224"]
[PlyCount "108"]
[EventDate "2006.10.28"]
[EventType "swiss"]
[EventRounds "9"]
[EventCountry "FRA"]
[SourceTitle "EXT 2007"]
[Source "ChessBase"]
[SourceDate "2006.11.23"]
[SourceVersion "1"]
[SourceVersionDate "2006.11.23"]
[SourceQuality "1"]

1. e4 c5 2. Nf3 Nc6 3. d4 cxd4 4. Nxd4 Nf6 5. Nc3 e5 6. Ndb5 d6 7. Bg5 a6 8. Na3 b5 9. Nd5 Be7 10. Bxf6 Bxf6 11. c3 Bg5 12. Nc2 0-0 13. a4 bxa4 14. Rxa4 Ne7 15. Bc4 a5 16. 0-0 Rb8 17. b3 Kh8 18. Qh5 Nxd5 19. Bxd5 g6 20. Qe2 Be6 21. Qd3 Qb6 22. b4 Bxd5 23. Qxd5 axb4 24. Rxb4 Qc5 25. Rc4 Qxd5 26. exd5 Rfc8 27. Rc6 Rxc6 28. dxc6 Rb3 29. c4 Rb6 30. c7 Rc6 31. Rd1 Rxc4 32. Ne3 Rxc7 33. Rxd6 Rc1+ 34. Nf1 Kg7 35. g3 Be7 36. Rd5 Kf6 37. Kg2 Ke6 38. Ra5 f5 39. Ne3 Bc5 40. Ra6+ Kf7 41. Ra2 Bxe3 42. fxe3 Kf6 43. Rf2 Re1 44. Ra2 Rxe3 45. Ra6+ Kg5 46. Ra2 f4 47. Kf2 Kg4 48. Ra4 g5 49. gxf4 gxf4 50. Ra7 h5 51. Rg7+ Kh3 52. Rg5 h4 53. Rh5 e4 54. Rf5 Rf3+ 0-1

[Event "Vandoeuvre op"]
[Site "Vandoeuvre"]
[Date "2004.??.??"]
[Round "2"]
[White "Godart, Francois"]
[Black "Tachikart, Amin"]
[Result "1-0"]
[WhiteElo "1390"]
[BlackElo "1730"]
[PlyCount "57"]
[EventDate "2004.12.26"]
[EventType "swiss"]
[EventRounds "9"]
[EventCountry "FRA"]
[SourceTitle "CBM 104 Extra"]
[Source "ChessBase"]
[SourceDate "2005.03.01"]
[SourceVersion "1"]
[SourceVersionDate "2005.03.01"]
[SourceQuality "1"]

1. c4 e6 2. g3 Nf6 3. Bg2 d5 4. Nf3 g6 5. cxd5 exd5 6. Nc3 Bg7 7. 0-0 0-0 8. d3 Bf5 9. Qb3 b6 10. Nd4 Be6 11. Bg5 c5 12. Nxe6 fxe6 13. e4 Qd6 14. exd5 Re8 15. Nb5 Qe5 16. Bf4 Qh5 17. dxe6 Nc6 18. Bxc6 Ng4 19. h4 Bf6 20. Bxa8 Rxa8 21. e7+ Kg7 22. Nc7 Bxh4 23. gxh4 Nf6 24. Nxa8 Qg4+ 25. Bg3 Nh5 26. d4 Nf4 27. e8Q Ne2+ 28. Kh2 c4 29. Qa3 1-0